Riconosci il Pokémon - Quiz n°34 - Statistics

Statistiche generali
  • Questo quiz è stato fatto 11 volte
  • Il punteggio medio è 8 su 10
Statistiche sulle risposte
Indizio Risposta % Corretto
Stadio evoluzione Forma Base
100%
Tipo Normale; Buio / Normale (Galar)
100%
Generazione Terza
100%
Abilità Raccolta; Voracità; Piedisvelti;
90%
Altezza 0,4 m
70%
Peso 17,5 kg
70%
Tasso di cattura 255 (43.9%)
70%
Sesso 50% ♂, 50% ♀
70%
Tasso di allevamento Medio-Veloce
70%
Pokémon Zigzagoon
50%
Nessun quiz corrispondente trovato
Distribuzione punteggi
Percentuale di utenti per punteggio
Percentile per numero di risposta
I tuoi punteggi nel tempo
Non hai fatto questo quiz